Biblioteca

The word of God for the people of God : (Registro nro. 46798)

Detalles MARC
000 -LÍDER
Campo fijo de descripción fija 011660000a22002890004500
001 - NÚMERO DE CONTROL
Campo de control 20447
003 - IDENTIFICADOR DEL NÚMERO DE CONTROL
Campo de control CO-MdFUSB
005 - FECHA Y HORA DE LA ULTIMA TRANSACCIÓN
control field 20180622072743.0
008 - ELEMENTOS DE LONGITUD FIJA -- INFORMACIÓN GENERAL
Campo fijo de descripción fija -- Información general 161010b xxu||||| |||| 00| 0 eng d
020 ## - NÚMERO INTERNACIONAL NORMALIZADO PARA LIBROS
Número Internacional Normalizado del libro 978-0-8028-6235-8
040 ## - FUENTE DE CATALOGACIÓN
Agencia de catalogación original CO-MdFUSB
Idioma de catalogación Español
Agencia que realiza la transcripción CO-MdFUSB
Agencia que realiza la modificación CO-MdFUSB
Convenciones de la descripción rda
041 ## - CÓDIGO DE IDIOMA
Código de idioma para texto/pista de sonido o título separado eng
082 ## - NÚMERO DE CLASIFICACIÓN DECIMAL DEWEY
Número de la edición del Dewey 24
Número de clasificación G 220.601
Clave de autor-Numero de item B598w
100 1# - ASIENTO PRINCIPAL--NOMBRE PERSONAL
Nombre personal Billings, J. Todd
245 14 - TÍTULO
Título del Material The word of God for the people of God :
Parte restante del título - Subtitulo An entryway to the theological interpretation of scripture
Mención de responsabilidad, etc. / J. Todd Billings
264 1# - PRODUCCIÓN, PUBLICACIÓN, DISTRIBUCIÓN, MANUFACTURA, Y COPYRIGHT
Lugar de producción, publicación, distribución, manufactura Grand Rapids, Michigan :
Nombre del productor, publicador, distribuidor William B. Eerdmans Publishing,
Fecha de producción, publicación, distribución, manufactura, o copyright ℗2010
264 4# - PRODUCCIÓN, PUBLICACIÓN, DISTRIBUCIÓN, MANUFACTURA, Y COPYRIGHT
Fecha de producción, publicación, distribución, manufactura, o copyright ©2010
300 ## - DESCRIPCIÓN FÍSICA
Extensión xviii, 235 páginas
336 ## - TIPO DE CONTENIDO
Fuente rdacontent
Término de tipo de contenido
Código de tipo de contenido
337 ## - TIPO DE MEDIO
Fuente rdamedia
Nombre del tipo de medio
Código del tipo de medio
338 ## - TIPO DE SOPORTE
Fuente rdacarrier
Nombre del tipo de soporte
Código Tipo de soporte
500 ## - NOTA GENERAL
Nota General Incluye índices (p. 229-235)
501 ## - NOTA DE “CON”
Nota de Contenido Rústico
505 00 - NOTA DE CONTENIDO
Nota de contenido con formato preestablecido Lectura de las escrituras en el camino de fe que busca entender - Aprender a leer las escrituras atentamente - Revelación e interpretación de las escrituras - El impacto del contexto del lector - Tesoros en vasijas de barro - Interpretación y prácticas de las escrituras
653 ## - TÉRMINO DE INDIZACIÓN - NO CONTROLADO
Término no controlado Biblia -- Hermenéutica
942 ## - TIPO DE MATERIAL (KOHA)
Tipo de Item KOHA Libros General
Existencias
Estado de Material Estado de Perdido Forma de Clasificación Estado de Dañado No para Préstamo Colección Tomo Biblioteca de Origen Biblioteca Permanente Fecha de Adquisición Total de Préstamos Total de Renovaciones Signatura Topográfica Código de Barras Prestado Última vez visto Última vez Préstado Ejemplar/Existencia Fecha de Remplazo Tipo de Material
    Dewey Decimal Classification     Colección General   Biblioteca FUSBC Biblioteca FUSBC 27/07/2015 3 1 G 220.601 B598w 20424 29/04/2026 20/02/2026 20/02/2026 Ej. 1 26/01/2016 Libros General

Biblioteca FUSBC | Teléfono: (57+4) 349 88 10 Ext. 141| WhatsApp (+57) 3005338115 
E-mail: biblioteca@unisbc.edu.co | Calle 76 87-14 Robledo Palenque, Medellín, Colombia

Con tecnología Koha